00489nam a2200205 a 4500001001300000003000900013005001700022008004100039020002300080082001500103100001600118245002100134260003100155300000900186500003500195505001200230650001400242650001100256700001600267nice12345678IN_TiNIC20260116013338.0050524s1998 dela grp 000 0 eng  a8186962 c10000a335.4bAMI aAmin, Samir aFuture of Maoism aDelhi bRainbow Pub c1998 a154p aincludes index and biblioraphy2 aIndices aCommunism aMaoism1 aAmin, Samir